Fakty, rozbory, štúdie 18 vybrané sociálno-ekonomické charakteristiky Slovenskej republiky

Guardado en:
Detalles Bibliográficos
Autor principal: Búšik, Jozef
Autor Corporativo: Národohospodárska fakulta EU. Katedra verejnej správy a regionálneho rozvoja
Otros Autores: Královičová, Svetlana, Maruščaková, Anikó
Formato: Libro
Lenguaje:eslovaco
Publicado: Bratislava Ministerstvo vnútra SR 2002
Materias:
Etiquetas: Agregar Etiqueta
Sin Etiquetas, Sea el primero en etiquetar este registro!

MARC

LEADER 00000nam a2200000 4500
001 c140196
005 20221124094457.3
020 |a 80-89051-02-2 
041 0 |a slo 
044 |a SK 
245 1 0 |a Fakty, rozbory, štúdie 18  |b vybrané sociálno-ekonomické charakteristiky Slovenskej republiky  |c [Jozef Búšik, Svetlana Královičová, Anikó Maruščaková] 
264 1 |a Bratislava  |b Ministerstvo vnútra SR  |c 2002 
300 |a 177 s. 
610 2 0 |a údaje štatistické 
610 2 0 |a Slovensko 
610 2 0 |a ukazovatele ekonomické 
610 2 0 |a ukazovatele sociálne 
610 2 0 |a ukazovatele štatistické 
610 2 0 |a usporiadanie územné 
610 2 0 |a sčítanie ľudu 
610 2 0 |a porovnanie štatistické 
610 2 0 |a infraštruktúra technická 
610 2 0 |a infraštruktúra sociálna 
610 2 0 |a potenciál ekonomický 
610 2 0 |a investície 
610 2 0 |a stratégia hospodárska 
610 2 0 |a odvetvia činnosti ekonomickej 
610 2 0 |a prostredie životné 
610 2 0 |a regióny 
610 2 0 |a štruktúra obyvateľstva 
100 1 |a Búšik, Jozef 
700 1 |a Královičová, Svetlana 
700 1 |a Maruščaková, Anikó 
710 2 |a Národohospodárska fakulta EU. Katedra verejnej správy a regionálneho rozvoja